La ligne du risque /

Guardado en:
Detalles Bibliográficos
Autor principal: Vadeboncoeur, Pierre (autor)
Otros autores: Dumont, Fernand (presentación) (presentación)
Formato: Libro
Idioma:Francés
Publicado: Montreal, Canadá : Hurtubise HMH, 1994, c1994
Colección:(Bibliothèque Québécoise)
Temas:
Etiquetas: Agrega una etiqueta
Sin etiquetas, Sé el primero en etiquetar este registro!

MARC

LEADER 00000nam^a2200000^a^4500
001 000168703
005 20250521000000.0
009 20260310101211.794
020 |a 2-89406-096-3 
037 |a Acervo ITESO - Biblioteca 
041 |a FRA 
082 |a 819. 14  |b VAD 
100 |a Vadeboncoeur, Pierre  |e (autor) 
245 1 3 |a La ligne du risque /  |c P. Vadeboncoeur ; presen. de F. Dumont. 
264 4 |a Montreal, Canadá :  |b Hurtubise HMH,  |c 1994, c1994 
300 |a 280 p. 
336 |a texto  |b txt  |2 rdacontenido 
337 |a sin mediación  |b n  |2 rdamedio 
338 |a volumen  |b nc  |2 rdasoporte 
440 1 |a (Bibliothèque Québécoise) 
649 |a XX 
650 |a Ensayos Quebequenses 
650 |a Ensayos Canadienses 
650 |a Literatura Quebequense -  |y Siglo XX 
650 |a Literatura Canadiense -  |y Siglo XX 
650 |a Literatura en Francés -  |z Quebec, Canadá 
650 |a Literatura en Francés -  |z Canadá 
650 |a Identidad Cultural -  |z Quebec, Canadá 
650 |a Sindicalismo -  |z EUA 
650 |a Guerra Fría 
650 |a Alegría 
700 |a Dumont, Fernand  |e (presentación) 
910 |a Fondo General 
920 |a Impresos - Libros 
930 |a Colección General 
940 |a Literatura 
905 |a 101 
901 |a 0500104903  |b IT1  |c LIT  |u 20250521 
902 |a https://opac.biblio.iteso.mx/vufind/Record/000168703